000 00527nam a22001697a 4500
005 20260401123135.0
008 260401b |||||||| |||| 00| 0 eng d
020 _a978-93-5270-993-9
100 _aCHAVAN, KALIDAS D.
245 _aINFORMED CONSENT IN MEDICAL PRACTICE: PRINCIPLES AND CONVENTIONS
260 _aNEW DELHI
_bJAYPEE BROTHERS MEDICAL PUBLISHERS
_c2019
300 _aXX, 170P.
500 _aINCLUDES BIBLOGRAPHICAL REFERENCES
650 _aCLINICAL MEDICINE
700 _aBANGAL, RAJENDRA
942 _2lcc
_cBK
999 _c216919
_d216919